PHARMACEUTICAL DOSAGE:DISPERSE SYSTEM VOL-2 (Record no. 8220)

MARC details
000 -LEADER
fixed length control field 00501nam a22001817a 4500
005 - DATE AND TIME OF LATEST TRANSACTION
control field 20230904135744.0
008 - FIXED-LENGTH DATA ELEMENTS--GENERAL INFORMATION
fixed length control field 230128b |||||||| |||| 00| 0 eng d
020 ## - INTERNATIONAL STANDARD BOOK NUMBER
ISBN 978-1-138-569454
041 ## - LANGUAGE CODE
Language code of text/sound track or separate title eng
082 ## - DEWEY DECIMAL CLASSIFICATION NUMBER
Classification number 615.1 LIE-P
100 ## - MAIN ENTRY--AUTHOR NAME
Personal name LIEBERMAN ,HERBENT A., RIGER, MARTIN M AND BANKER ,GILBERT S.
245 ## - TITLE STATEMENT
Title PHARMACEUTICAL DOSAGE:DISPERSE SYSTEM VOL-2
250 ## - EDITION STATEMENT
Edition statement 2nd ed.
260 ## - PUBLICATION, DISTRIBUTION, ETC. (IMPRINT)
Name of publisher CBS PUBLISHER
300 ## - PHYSICAL DESCRIPTION
Number of Pages 506;P.
650 ## - SUBJECT ADDED ENTRY--TOPICAL TERM
Topical Term PHARMACY
General subdivision D.PHARMA
942 ## - ADDED ENTRY ELEMENTS (KOHA)
Koha item type Books
Holdings
Lost status Damaged status Collection code Home library Current library Shelving location Date acquired Source of acquisition Cost, normal purchase price Full call number Accession Number Koha item type
    Reference JRU Library JRU Library SHELF-3-A 21/01/2023 LOHIA BOOK INTERNATIONAL 16995.00 615.1 LIE-P 27423 Books
    PHARMACY JRU Library JRU Library SHELF-19-F 21/01/2023 LOHIA BOOK INTERNATIONAL 16995.00 615.1 LIE-P 27424 Books
    PHARMACY JRU Library JRU Library SHELF-19-F 21/01/2023 LOHIA BOOK INTERNATIONAL 16995.00 615.1 LIE-P 27425 Books
    PHARMACY JRU Library JRU Library SHELF-19-F 21/01/2023 LOHIA BOOK INTERNATIONAL 16995.00 615.1 LIE-P 27426 Books
    PHYSIOTHERAPY JRU Library JRU Library SHELF-19-F 21/01/2023 LOHIA BOOK INTERNATIONAL 16995.00 615.1 LIE-P 27427 Books